00000000nas 2200000zi 4500
0019.939895
003CaOODSP
00520250324130943
006m     o  d f      
007cr |||||||||||
008240626d19891993onc | m o    f0###b0fre|d
040 |aCaOODSP|bfre|erda|cCaOODSP
043 |an-cn---
0861 |aCo24-3/10F-PDF
24500|aÉtude spéciale.
264 1|aOttawa : |bMinistère des communications.
310 |aIrrègulier
336 |atexte|btxt|2rdacontent/fre
337 |ainformatique|bc|2rdamedia/fre
338 |aressource en ligne|bcr|2rdacarrier/fre
500 |aÉdition numérisée de l'imprimé [par Innovation, Sciences et Développement économique Canada].
500 |aPublié aussi en anglais sous le titre : Special study.
650 6|aCommunication dans l'administration publique|zCanada|xÉvaluation.
7101 |aCanada. |bMinistère des communications.
77508|tSpecial study.|w(CaOODSP)9.939896